000 00326nam a2200133Ia 4500
008 191201s2001 xx 000 0 und d
082 _a677
_bTET
100 _aTELI, M D
245 0 _aTextile at the Dawn of 21st Century
260 _aN.Delhi
_bMahajan Brother
_c2001
300 _a91
650 _aB.Tech(TE)
942 _2ddc
_cBK
999 _c2280
_d2280